00277 a2200121 450000100060000004000240000610000250003024000290005524500240008430000070010836200090011565000310012447960 cAnchieta - Aquarius aHeck, Lenira Almeida10aO peixinho e o gatolpor10aO peixinho e o gato a220 a2005 4aLiteratura infanto-juvenil